[Event "Condom op 2nd"]
[Site "Condom"]
[Date "2003.07.15"]
[Round "6"]
[White "Mohamad, Jabbar"]
[Black "Riff, Vincent"]
[Result "0-1"]
[WhiteElo "2226"]
[BlackElo "2110"]
[PlyCount "36"]
[EventDate "2003.07.12"]
[EventType "swiss"]
[EventRounds "9"]
[EventCountry "FRA"]
[SourceTitle "CBM 095 Extra"]
[Source "ChessBase"]
[SourceDate "2003.09.04"]
[SourceVersion "1"]
[SourceVersionDate "2003.09.04"]
[SourceQuality "1"]

1. d4 Nf6 2. c4 e6 3. Nc3 Bb4 4. f3 Nc6 5. Bg5 d6 6. e4 e5 7. a3 Bxc3+ 8. bxc3 a6 9. Be3 Nd7 10. f4 0-0 11. f5 exd4 12. Bf4 dxc3 13. Nf3 Re8 14. Bd3 Nc5 15. 0-0 Nxe4 16. Qc1 Qf6 17. g4 Nd4 18. Bxe4 Ne2+ 0-1